Los buscadores de sueños : (Record no. 184927)
[ view plain ]
| 000 -LEADER | |
|---|---|
| campo de control de longitud fija | 00654nam a2200181 i 4500 |
| 001 - NÚMERO DE CONTROL | |
| campo de control | 184927 |
| 003 - IDENTIFICADOR DE NÚMERO DE CONTROL | |
| campo de control | ES-MaACL |
| 005 - FECHA Y HORA DE LA ÚLTIMA TRANSACCIÓN | |
| campo de control | 20250820142634.0 |
| 008 - DATOS DE LONGITUD FIJA--INFORMACIÓN GENERAL | |
| campo de control de longitud fija | 160219s1964 sp |||| | spa d |
| 080 ## - NÚMERO DE LA CLASIFICACIÓN DECIMAL UNIVERSAL | |
| Número de la Clasificación Decimal Universal | 821.13.4.2-34"19" |
| 100 1# - ENTRADA PRINCIPAL--NOMBRE DE PERSONA | |
| Nombre de persona | Martí Ibáñez, Félix, |
| Fechas asociadas al nombre | 1911-1972 |
| 9 (RLIN) | 158827 |
| 245 14 - MENCIÓN DEL TÍTULO | |
| Título | Los buscadores de sueños : |
| Resto del título | Ttece cuentos de maravilla y prodigio / |
| Mención de responsabilidad, etc. | Félix Martí Ibáñez ; ilustraciones de Teodoro Miciano. |
| 260 ## - PUBLICACIÓN, DISTRIBUCIÓN, ETC. | |
| Lugar de publicación, distribución, etc. | Madrid : |
| Nombre del editor, distribuidor, etc. | Victoriano Suárez, |
| Fecha de publicación, distribución, etc. | 1964. |
| 300 ## - DESCRIPCIÓN FÍSICA | |
| Extensión | 431 p., 26 lám. : |
| Otras características físicas | il. ; |
| Dimensiones | 29 cm. |
| 700 1# - ENTRADA AGREGADA--NOMBRE PERSONAL | |
| Nombre de persona | Miciano, Teodoro, |
| Fechas asociadas al nombre | 1903-1974 |
| 9 (RLIN) | 80944 |
| 852 ## - LOCALIZACIÓN | |
| Ubicación | ES-MaACL |
| Número de control de estantería | C-25293 |
| Estatus retirado | Estado de pérdida | Estado de daño | No para préstamo | Biblioteca de origen | Biblioteca actual | Ubicación en estantería | Fecha de adquisición | Fuente de adquisición | Total de préstamos | Signatura topográfica completa | Código de barras | Visto por última vez | Precio de reemplazo | Tipo de ítem Koha |
|---|---|---|---|---|---|---|---|---|---|---|---|---|---|---|
| Biblioteca del Ateneo de Madrid | Biblioteca del Ateneo de Madrid | Depósito 2 | 19/02/2016 | C-25293 | 1194772 | 23/02/2023 | 23/02/2023 | Libro impreso |
